| 000 | 00641nam a2200181 i 4500 | ||
|---|---|---|---|
| 001 | 85509 | ||
| 003 | ES-MaACL | ||
| 005 | 20230906175244.0 | ||
| 007 | t| | ||
| 008 | 041128m19211924pn ||||1| spa d | ||
| 245 | 0 | 0 |
_aJurisprudencia de la Corte Suprema de Justicia _b: 1903-1923 / _cextractada, compilada y arreglada por orden alfabético / Augusto A. Cervera. |
| 260 |
_aPanamá : _b[s.n.], _c1921-1924 ( _fImp. Moderna) |
||
| 300 |
_a1 v. ; _c25 cm. |
||
| 650 | 4 |
_aProcedimiento penal- _zPanamá- _vJurisprudencia. _9153663 |
|
| 700 | 1 |
_aCervera, Augusto A. _937626 |
|
| 700 | 1 |
_aHerrera L., Manuel A. _963224 |
|
| 852 |
_aES-MaACL _jB-13043 |
||
| 999 |
_c85509 _d85509 |
||